[Event "Dutch Open 2014"]
[Site "Dieren NED"]
[Date "2014.07.31"]
[Round "9.2"]
[White "Ikonnikov, Vyacheslav"]
[Black "Hausrath, Daniel"]
[Result "1-0"]
[WhiteTitle "GM"]
[BlackTitle "GM"]
[WhiteElo "2556"]
[BlackElo "2526"]
[WhiteFideId "4100972"]
[BlackFideId "4617495"]
[EventDate "2014.07.22"]

1. d4 Nf6 2. Nf3 g6 3. c4 Bg7 4. Nc3 O-O 5. e4 d6 6. Be2 c5 7. O-O cxd4 8. Nxd4
Nc6 9. Be3 Bd7 10. f3 Qb6 11. Kh1 Ng4 12. fxg4 Nxd4 13. Qd2 Bc6 14. b4 e5 15. b5
Bd7 16. Nd5 Qd8 17. g5 Nxe2 18. Qxe2 Be6 19. Rfd1 Bxd5 20. Rxd5 Qc7 21. Rc1 Rfd8
22. a4 Bf8 23. a5 Qxa5 24. b6 Qa3 25. Rd3 Qa6 26. bxa7 b6 27. Qf2 Rdc8 28. Bxb6
Rxc4 29. Rf1 Qb7 30. Rf3 Qxe4 31. Rxf7 Rcc8 32. Qf6 Re8 33. h3 Qc6 34. Rc7 Qd5
35. Rd7 Qe6 36. Qxe6+ Rxe6 37. Rd8 Re8 38. Rxe8 Rxe8 39. Rb1 d5 40. Bd8 1-0

[Event "Dutch Open 2014"]
[Site "Dieren NED"]
[Date "2014.07.31"]
[Round "9.3"]
[White "Das, Arghyadip"]
[Black "Afek, Yochanan"]
[Result "1/2-1/2"]
[WhiteTitle "IM"]
[BlackTitle "IM"]
[WhiteElo "2439"]
[BlackElo "2298"]
[WhiteFideId "5003610"]
[BlackFideId "2800462"]
[EventDate "2014.07.22"]

1. e4 c5 2. Nf3 g6 3. Bc4 Bg7 4. c3 e6 5. d4 cxd4 6. Nxd4 a6 7. O-O Ne7 8. Bg5
Qc7 9. Nd2 Nbc6 10. Bb3 O-O 11. N2f3 d5 12. exd5 Nxd5 13. Bxd5 exd5 14. Qd2 Re8
15. h3 Na5 16. Rfe1 Bd7 17. Bf4 Qb6 18. b3 Nc6 19. Be3 Qa5 20. Nxc6 bxc6 21. Bd4
Bxd4 22. cxd4 Qxd2 23. Nxd2 a5 24. a3 Rxe1+ 25. Rxe1 Kf8 26. Re3 Rc8 27. Rc3 Ke7
28. Nf3 f6 29. Rc5 Rb8 30. Nd2 Ra8 31. Kf1 Kd6 32. Ke2 Bf5 33. Kd1 h5 34. Rc3 1/2-1/2

[Event "Dutch Open 2014"]
[Site "Dieren NED"]
[Date "2014.07.31"]
[Round "9.4"]
[White "Wiersma, Eelke"]
[Black "Horvath, Csaba"]
[Result "1/2-1/2"]
[WhiteTitle "IM"]
[BlackTitle "GM"]
[WhiteElo "2354"]
[BlackElo "2542"]
[WhiteFideId "1002864"]
[BlackFideId "700118"]
[EventDate "2014.07.22"]

1. d4 Nf6 2. c4 g6 3. Nc3 d5 4. Nf3 Bg7 5. Qb3 dxc4 6. Qxc4 O-O 7. e4 Be6 8. Qd3
c5 9. d5 Bc8 10. Bg5 h6 11. Bh4 Qb6 12. e5 Bf5 13. Qe2 Nh5 14. O-O-O e6 15. Qc4
Qb4 16. h3 g5 17. g4 Bg6 18. a3 exd5 19. Nxd5 Qxc4+ 20. Bxc4 Nc6 21. Nxg5 hxg5
22. Bxg5 Nxe5 23. Be2 c4 24. gxh5 Bd3 25. h6 Bh8 26. Rhe1 Kh7 27. h4 f6 28. Be3
Rfd8 29. Nf4 a5 30. Nxd3 Nxd3+ 31. Bxd3+ cxd3 32. Kb1 Rd7 33. Rd2 Rd5 34. Bf4 b5
35. Re3 Rad8 36. Bc7 R8d7 37. Bxa5 f5 38. Re6 Be5 39. Bc3 1/2-1/2

[Event "Dutch Open 2014"]
[Site "Dieren NED"]
[Date "2014.07.31"]
[Round "9.5"]
[White "L'Ami, Erwin"]
[Black "Kolbus, Dietmar"]
[Result "1/2-1/2"]
[WhiteTitle "GM"]
[BlackTitle "IM"]
[WhiteElo "2650"]
[BlackElo "2303"]
[WhiteFideId "1007998"]
[BlackFideId "4610628"]
[EventDate "2014.07.22"]

1. d4 d5 2. c4 c6 3. Nc3 Nf6 4. Nf3 dxc4 5. a4 Bf5 6. e3 Bd3 7. Bxd3 cxd3 8.
Qxd3 e6 9. O-O Be7 10. e4 Na6 11. Rd1 Nb4 12. Qe2 a5 13. Ne5 O-O 14. Bf4 Re8 15.
Nc4 Nd7 16. Nd6 Qb8 17. e5 Bxd6 18. exd6 Nd5 19. Bg3 Qd8 20. Rd3 Nxc3 21. bxc3
b5 22. Rd2 Qb6 23. Rb1 Rec8 24. Rdb2 Qd8 25. Qc2 Nb6 26. axb5 cxb5 27. Rxb5 Nc4
28. Qa2 Nxd6 29. Bxd6 Qxd6 30. Rxa5 Rxa5 31. Qxa5 h6 32. Qb4 Qd5 33. Re1 Qc6 34.
Rc1 Qd5 35. h3 g6 36. Re1 Qc6 37. Re3 Qc7 38. Qb2 Rb8 39. Qc2 Ra8 40. Re1 Rc8
41. Rc1 Qc4 42. Qd2 Kg7 43. Qe3 Kh7 44. Qf4 Kg7 45. Qe5+ Kg8 46. Qe3 Kh7 47. g4
Kg7 48. h4 Kh7 49. Kh2 Qc7+ 50. Kh3 Qc4 51. Kg3 Rc7 52. f3 Rc8 53. Qe4 Kg8 54.
Qe3 Kh7 55. Kh3 Rc7 56. h5 g5 57. f4 gxf4 58. Qxf4 Rd7 59. Qf3 Rc7 60. Kh4 Rd7
61. Rg1 Qc7 62. Kh3 Qd8 63. Qf4 Qg5 64. Rf1 Qb5 65. Rf2 Qd3+ 66. Qf3 Qb5 67. Qe3
Kg7 68. Rg2 Qg5 69. Rg3 Rc7 70. Qe1 Qf4 71. Kg2 Rb7 72. Qe5+ Qxe5 73. dxe5 Rb5
74. Re3 Rc5 75. Kf3 Rc4 76. Rd3 Kf8 1/2-1/2

[Event "Dutch Open 2014"]
[Site "Dieren NED"]
[Date "2014.07.31"]
[Round "9.6"]
[White "Van Foreest, Jorden"]
[Black "Von Meijenfeldt, Bart"]
[Result "0-1"]
[WhiteTitle "FM"]
[WhiteElo "2461"]
[BlackElo "2331"]
[WhiteFideId "1039784"]
[BlackFideId "1032259"]
[EventDate "2014.07.22"]

1. e4 c5 2. Nf3 d6 3. d4 cxd4 4. Nxd4 Nf6 5. Nc3 a6 6. Qd3 g6 7. Bg5 Bg7 8.
O-O-O O-O 9. f4 Nc6 10. Nxc6 bxc6 11. e5 Nd5 12. Nxd5 cxd5 13. Qa3 Qc7 14. Bd3
Rb8 15. Qc3 Qa7 16. Rhe1 f6 17. Bh4 fxe5 18. fxe5 Bg4 19. Rd2 dxe5 20. Rxe5 Rfc8
21. Rxe7 Bxc3 22. Rxa7 Bxb2+ 0-1

[Event "Dutch Open 2014"]
[Site "Dieren NED"]
[Date "2014.07.31"]
[Round "9.7"]
[White "Sowray, Peter J"]
[Black "Goudriaan, Etienne"]
[Result "1/2-1/2"]
[WhiteTitle "FM"]
[BlackTitle "IM"]
[WhiteElo "2325"]
[BlackElo "2401"]
[WhiteFideId "400971"]
[BlackFideId "1021150"]
[EventDate "2014.07.22"]

1. d4 f5 2. Bg5 h6 3. Bh4 g5 4. e4 Nf6 5. e5 e6 6. Bg3 f4 7. Bd3 Rg8 8. exf6
Qxf6 9. Qh5+ Qf7 10. Qe2 Nc6 11. Nf3 Bg7 12. c3 d6 13. Nbd2 Bd7 14. O-O O-O-O
15. b4 Bf6 16. b5 Ne7 17. a4 fxg3 18. fxg3 g4 19. Nh4 Qg7 20. a5 Nd5 21. Rxf6
Qxf6 22. Ne4 Qg7 23. Qb2 Be8 24. Kh1 Rf8 25. c4 Nf6 26. b6 a6 27. d5 Nh5 28. Nc3
exd5 29. bxc7 Qxc7 30. cxd5 Nf6 31. Nf5 Bg6 32. Nb5 axb5 33. Rc1 Bxf5 34. Bxf5+
Nd7 35. Rxc7+ Kxc7 36. h4 Ne5 37. Be6 Ra8 38. Qxb5 Ra6 39. Qb4 Rfa8 40. Qc3+ Kd8
41. Qb4 Kc7 42. Qc3+ Kd8 43. Qb4 Kc7 1/2-1/2

[Event "Dutch Open 2014"]
[Site "Dieren NED"]
[Date "2014.07.31"]
[Round "9.9"]
[White "Saravanan, V."]
[Black "Beerdsen, Thomas"]
[Result "1/2-1/2"]
[WhiteTitle "IM"]
[WhiteElo "2320"]
[BlackElo "2260"]
[WhiteFideId "5000580"]
[BlackFideId "1030108"]
[EventDate "2014.07.22"]

1. Nf3 Nf6 2. c4 c6 3. d4 d5 4. e3 Bg4 5. Qb3 Qb6 6. Ne5 e6 7. Nxg4 Nxg4 8. Be2
Nf6 9. Nc3 Nbd7 10. O-O Be7 11. Qc2 dxc4 12. Bxc4 O-O 13. b3 Rad8 14. Bb2 Bd6
15. Rad1 e5 16. d5 Bb8 17. Qf5 c5 18. e4 a6 19. Rd3 Ne8 20. Rg3 Qf6 21. Qh5 g6
22. Bc1 Qh8 23. Qh4 Nd6 24. Bh6 Rfe8 25. Bd3 f6 26. Nd1 Nf7 27. Bd2 Qg7 28. Ne3
Qh6 29. Qg4 Kh8 30. Rh3 Qg7 31. Qh4 Ng5 32. Rg3 Nf7 33. Rh3 1/2-1/2

[Event "Dutch Open 2014"]
[Site "Dieren NED"]
[Date "2014.07.31"]
[Round "9.10"]
[White "Stany, G.A."]
[Black "Struik, Tjapko"]
[Result "1-0"]
[WhiteTitle "IM"]
[WhiteElo "2399"]
[BlackElo "2292"]
[WhiteFideId "5029104"]
[BlackFideId "1011243"]
[EventDate "2014.07.22"]

1. e4 c5 2. Nf3 e6 3. d4 cxd4 4. Nxd4 Nf6 5. Nc3 d6 6. g4 h6 7. Bg2 a6 8. h3 Qc7
9. f4 Nc6 10. Be3 Bd7 11. O-O Nxd4 12. Qxd4 Bc6 13. a4 Nd7 14. Qc4 Rc8 15. Qb3
Be7 16. f5 e5 17. a5 Bg5 18. Bf2 Nf6 19. Rfd1 O-O 20. Qb4 Ne8 21. h4 Bf6 22. Kh2
Qe7 23. Kh3 g6 24. Bf3 gxf5 25. gxf5 Kh7 26. Qb6 Rg8 27. Qe3 Bg7 28. Ne2 Nf6 29.
Ng3 Bd7 30. Qd3 d5 31. c3 dxe4 32. Bxe4 Bb5 33. Qc2 Bf8 34. Bf3 Rxg3+ 35. Bxg3
e4 36. Be2 Bd7 37. Rf1 Rc5 38. Kh2 Nd5 39. Qd2 e3 40. Qd3 Nf6 41. c4 Bc6 42.
Rad1 Rxa5 43. Bd6 Ng4+ 44. Kg3 Qxd6+ 45. Qxd6 Bxd6+ 46. Rxd6 Nf2 47. Kf4 Bg2 48.
Re1 Bh3 49. Rd5 Ra2 50. Kxe3 Ng4+ 51. Kf4 Nf6 52. Rd6 Ne8 53. Rb6 1-0

[Event "Dutch Open 2014"]
[Site "Dieren NED"]
[Date "2014.07.31"]
[Round "9.11"]
[White "Bollen, Guus"]
[Black "Vogel, Jaap"]
[Result "1-0"]
[BlackTitle "FM"]
[WhiteElo "2011"]
[BlackElo "2209"]
[WhiteFideId "1027883"]
[BlackFideId "1000764"]
[EventDate "2014.07.22"]

1. e4 e6 2. d4 d5 3. exd5 exd5 4. c4 Nf6 5. Nc3 Bb4 6. Bd3 O-O 7. Ne2 dxc4 8.
Bxc4 Nc6 9. a3 Bd6 10. O-O a6 11. h3 h6 12. Qd3 Ne7 13. Ng3 b5 14. Bb3 Bb7 15.
Nce4 Nxe4 16. Nxe4 Kh8 17. Bd2 Nd5 18. Bc2 f5 19. Ng3 Ne7 20. Rae1 Bxg3 21. fxg3
Qd5 22. Rf2 Nc6 23. Bb3 Qxd4 24. Qb1 Qb6 25. Re6 Rad8 26. Qc1 Rd6 27. Bxh6 Rxe6
28. Bxe6 f4 29. Bxf4 Nd4 30. Bg4 c5 31. Qe3 Qc6 32. Qe5 Re8 33. Qh5+ Kg8 34. Be5
Re7 35. Rf8+ 1-0

[Event "Dutch Open 2014"]
[Site "Dieren NED"]
[Date "2014.07.31"]
[Round "9.12"]
[White "Van Foreest, Lucas"]
[Black "Ernst, Sipke"]
[Result "1-0"]
[BlackTitle "GM"]
[WhiteElo "2192"]
[BlackElo "2554"]
[WhiteFideId "1039792"]
[BlackFideId "1004689"]
[EventDate "2014.07.22"]

1. d4 Nf6 2. c4 c5 3. d5 e6 4. Nc3 exd5 5. cxd5 d6 6. Nf3 g6 7. Nd2 Bg7 8. e4
O-O 9. Be2 Na6 10. O-O Nc7 11. Re1 Nfe8 12. Bf3 b5 13. a4 b4 14. Ne2 Ba6 15. Qc2
Nf6 16. Ng3 Nd7 17. Be2 Rb8 18. Rb1 Bxe2 19. Rxe2 Ne5 20. b3 Na8 21. Ngf1 Qh4
22. Bb2 Nb6 23. Ne3 Rbe8 24. h3 a5 25. Rf1 f5 26. exf5 Qh5 27. Ne4 Nc8 28. f6
Bh8 29. f4 Nf7 30. g4 Qxh3 31. Qd3 Rxe4 32. Qxe4 Nb6 33. Rh2 Qg3+ 34. Kh1 c4 35.
Rg1 1-0

[Event "Dutch Open 2014"]
[Site "Dieren NED"]
[Date "2014.07.31"]
[Round "9.13"]
[White "Maris, Ivo"]
[Black "Beukema, Stefan"]
[Result "1/2-1/2"]
[BlackTitle "FM"]
[WhiteElo "2178"]
[BlackElo "2305"]
[WhiteFideId "1028146"]
[BlackFideId "1024523"]
[EventDate "2014.07.22"]

1. d4 f5 2. e4 fxe4 3. Nc3 Nf6 4. f3 d5 5. fxe4 dxe4 6. Bc4 Nc6 7. Nge2 Bg4 8.
h3 Bxe2 9. Nxe2 e5 10. Bg5 exd4 11. O-O Qe7 12. Nxd4 O-O-O 13. Bxf6 gxf6 14.
Qg4+ Kb8 15. Ne6 Ne5 16. Qxe4 Rd2 17. Rad1 Bh6 18. Rxd2 Bxd2 19. Bb3 h5 20. Kh1
Qd6 21. Qd5 Qxd5 22. Bxd5 c6 23. Be4 Re8 24. Rxf6 Nd7 25. Rg6 Ne5 26. Rf6 Nd7
27. Rg6 Ne5 28. Rf6 Nd7 29. Rg6 1/2-1/2

[Event "Dutch Open 2014"]
[Site "Dieren NED"]
[Date "2014.07.31"]
[Round "9.14"]
[White "Zwirs, Nico"]
[Black "Buckels, Valentin"]
[Result "1-0"]
[WhiteElo "2284"]
[BlackElo "2100"]
[WhiteFideId "1036432"]
[BlackFideId "12942766"]
[EventDate "2014.07.22"]

1. e4 e5 2. Nf3 Nc6 3. Nc3 Nf6 4. a3 Bc5 5. Nxe5 Nxe5 6. d4 Bd6 7. f4 Nc6 8. e5
Be7 9. d5 Nxd5 10. Nxd5 d6 11. exd6 Bxd6 12. Bc4 O-O 13. O-O Bf5 14. b4 a5 15.
Bb2 axb4 16. axb4 Bxb4 17. Rxa8 Bc5+ 18. Kh1 Qxa8 19. Qh5 Qc8 20. Qg5 Bg6 21. f5
h6 22. Qg3 Bd6 23. Ne7+ Bxe7 24. Qxg6 1-0

[Event "Dutch Open 2014"]
[Site "Dieren NED"]
[Date "2014.07.31"]
[Round "9.15"]
[White "Offringa, Joost"]
[Black "Tromp, Pieter"]
[Result "1-0"]
[WhiteElo "2241"]
[BlackElo "2127"]
[WhiteFideId "1025880"]
[BlackFideId "1026402"]
[EventDate "2014.07.22"]

1. c4 Nf6 2. g3 g6 3. Bg2 Bg7 4. Nc3 O-O 5. e4 d6 6. Nge2 c6 7. O-O e5 8. d3
Nbd7 9. h3 Nh5 10. g4 Nhf6 11. Be3 Ne8 12. f4 f5 13. gxf5 gxf5 14. exf5 Rxf5 15.
Ng3 Rf7 16. Qe2 Qh4 17. Nh5 Ndf6 18. Nxf6+ Nxf6 19. f5 Ne8 20. Ne4 Qe7 21. Qh5
Nf6 22. Nxf6+ Bxf6 23. Kh1 Bd7 24. Rg1 Kh8 25. Be4 a6 26. Bh6 Rg8 27. Rg4 Qe8
28. Rag1 Rff8 29. Bxf8 Rxf8 30. Qxe8 Bxe8 31. Rb1 Bf7 32. Rgg1 Re8 33. Bg2 Bh4
34. b4 d5 35. cxd5 cxd5 36. Rgf1 e4 37. dxe4 dxe4 38. Rf4 Bg5 39. Rxe4 Rxe4 40.
Bxe4 Bxa2 41. Rb2 Bc4 42. Bxb7 Bd3 43. Kg2 Kg7 44. Ra2 Be7 45. Bxa6 Be4+ 46. Kg3
Bxb4 47. Bc8 h5 48. Kf4 Bd3 49. Rg2+ Kf6 50. Rg6+ Kf7 51. Be6+ Kf8 52. Rg8+ Ke7
53. Rg7+ Kf8 54. f6 Bd2+ 55. Kf3 1-0

[Event "Dutch Open 2014"]
[Site "Dieren NED"]
[Date "2014.07.31"]
[Round "9.16"]
[White "Go, Benjamin"]
[Black "Maatman, Nick"]
[Result "0-1"]
[WhiteElo "2133"]
[BlackElo "2211"]
[WhiteFideId "1014560"]
[BlackFideId "1040391"]
[EventDate "2014.07.22"]

1. e4 c6 2. d4 d5 3. Nc3 dxe4 4. Nxe4 Nf6 5. Nxf6+ exf6 6. Nf3 Bd6 7. Bd3 O-O 8.
Be3 Bg4 9. h3 Bh5 10. g4 Bg6 11. Nh4 Bxd3 12. Qxd3 Qa5+ 13. c3 Re8 14. Nf5 Bc7
15. Rg1 g6 16. O-O-O Nd7 17. Bh6 Qxa2 18. Qd2 Nb6 19. g5 Nc4 20. gxf6 Nxd2 21.
Bg7 Qb1+ 22. Kxd2 Qxb2+ 23. Kd3 Qe2# 0-1

[Event "Dutch Open 2014"]
[Site "Dieren NED"]
[Date "2014.07.31"]
[Round "9.18"]
[White "Losekoot, Pascal"]
[Black "Van Osch, Mees"]
[Result "1-0"]
[WhiteElo "2114"]
[BlackElo "2200"]
[WhiteFideId "1012410"]
[BlackFideId "1035967"]
[EventDate "2014.07.22"]

1. e4 c5 2. Nf3 d6 3. d4 cxd4 4. Qxd4 Nc6 5. Bb5 Bd7 6. Qd3 Nf6 7. c4 g6 8. Nc3
Bg7 9. O-O O-O 10. h3 a6 11. Bxc6 Bxc6 12. Be3 Rc8 13. Bd4 Nd7 14. Bxg7 Kxg7 15.
Rac1 Qa5 16. b3 Kg8 17. Rfd1 Rfd8 18. Nd4 Nf6 19. Nd5 Nxd5 20. exd5 Bd7 21. Re1
Re8 22. Re2 b5 23. Rce1 bxc4 24. bxc4 Qa4 25. Rxe7 Rxe7 26. Rxe7 Rxc4 27. Qf3 f5
28. Ne6 Bxe6 29. dxe6 Re4 30. Qc3 1-0

[Event "Dutch Open 2014"]
[Site "Dieren NED"]
[Date "2014.07.31"]
[Round "9.19"]
[White "Stolwijk, Colin"]
[Black "Vos, Tjark"]
[Result "1/2-1/2"]
[WhiteElo "2075"]
[BlackElo "2130"]
[WhiteFideId "1033743"]
[BlackFideId "1020870"]
[EventDate "2014.07.22"]

1. b3 e5 2. Bb2 Nc6 3. e3 d5 4. Bb5 Bd6 5. Ne2 Ne7 6. O-O O-O 7. f4 a6 8. Bxc6
Nxc6 9. Nbc3 Ne7 10. Qe1 c5 11. Qh4 Qc7 12. fxe5 Bxe5 13. Nf4 Bxf4 14. Qxf4 Qxf4
15. Rxf4 b5 16. Ne2 Bf5 17. Ng3 Bg6 18. d3 Rfe8 19. Re1 Nc6 20. a3 Nd8 21. Rf2
Ne6 22. Nf5 Rad8 23. Kf1 Rd7 24. h3 Ra8 25. e4 d4 26. Kg1 Rc8 27. Nh4 c4 28. b4
a5 29. bxa5 c3 30. Bc1 Ra7 31. Nf3 Rxa5 32. Ne5 Rc7 33. Nf3 Rb7 34. Ne5 Ra6 35.
g3 b4 36. axb4 Rxb4 37. Nc4 Ra1 38. Rff1 Ra2 39. Re2 Nc5 40. Ref2 Nxe4 41. Re2
h5 42. Rfe1 Nxg3 43. Re8+ Kh7 44. Rd8 Rxc2 45. Ree8 Rxc1+ 46. Kg2 Bxd3 47. Rh8+
Kg6 48. Ne5+ Kf6 49. Nxd3 Rb2+ 50. Kxg3 Rg1+ 51. Kf3 c2 52. Rd6+ Ke7 53. Rhd8
Rb7 54. Nb4 Rf1+ 55. Kg2 Rxb4 1/2-1/2

[Event "Dutch Open 2014"]
[Site "Dieren NED"]
[Date "2014.07.31"]
[Round "9.20"]
[White "Schoppen, Casper"]
[Black "Markus, John Raymond"]
[Result "0-1"]
[WhiteElo "1938"]
[BlackElo "2143"]
[WhiteFideId "1046730"]
[BlackFideId "1001213"]
[EventDate "2014.07.22"]

1. Nf3 Nf6 2. g3 b6 3. Bg2 Bb7 4. O-O c5 5. c4 e6 6. Nc3 Be7 7. Re1 d6 8. e4 a6
9. d4 cxd4 10. Nxd4 Qc7 11. b3 O-O 12. Bb2 Nbd7 13. Rc1 Rac8 14. Qe2 Rfe8 15.
Nc2 Qb8 16. Ne3 Qa8 17. Nf1 Bd8 18. f4 Bc7 19. Nd1 b5 20. g4 Bb6+ 21. Kh1 d5 22.
e5 Ne4 23. cxd5 exd5 24. Rxc8 Rxc8 25. Nfe3 d4 26. Nd5 Bxd5 27. Bxe4 Nc5 28.
Bxd5 Qxd5+ 29. Qg2 Qxg2+ 30. Kxg2 Nd3 31. Rf1 Rc2+ 32. Kf3 Nxb2 33. Nxb2 Rxb2
34. Rc1 h5 35. Rc6 hxg4+ 36. Kxg4 Ba5 37. Rxa6 Bc3 38. Ra8+ Kh7 39. f5 Re2 40.
Re8 d3 41. Kf3 Rxe5 42. Rxe5 Bxe5 43. Ke3 Bxh2 44. Kxd3 b4 45. Kc4 Bd6 46. Kd5
Bf8 0-1

[Event "Dutch Open 2014"]
[Site "Dieren NED"]
[Date "2014.07.31"]
[Round "9.21"]
[White "Evengroen, Henk-Jan"]
[Black "Kazarian, Anna-Maja"]
[Result "1/2-1/2"]
[BlackTitle "WFM"]
[WhiteElo "2095"]
[BlackElo "2025"]
[WhiteFideId "1019252"]
[BlackFideId "1033689"]
[EventDate "2014.07.22"]

1. d4 d5 2. c4 c6 3. Nc3 Nf6 4. Nf3 e6 5. Bg5 Qa5 6. Bxf6 gxf6 7. cxd5 Bb4 8.
Qb3 cxd5 9. g3 Bd7 10. a3 Bxc3+ 11. bxc3 Ba4 12. Qb2 Nd7 13. Bg2 Rc8 14. O-O
Rxc3 15. Rfc1 Rxc1+ 16. Rxc1 Bc6 17. e4 dxe4 18. Nd2 O-O 19. Nxe4 f5 20. Nc5
Nxc5 21. dxc5 Bxg2 22. Kxg2 Qc7 23. Rd1 Qxc5 24. Qf6 1/2-1/2

[Event "Dutch Open 2014"]
[Site "Dieren NED"]
[Date "2014.07.31"]
[Round "9.22"]
[White "Lecomte, Robin"]
[Black "De Jong, Migchiel"]
[Result "0-1"]
[BlackTitle "IM"]
[WhiteElo "2056"]
[BlackElo "2345"]
[WhiteFideId "1037170"]
[BlackFideId "1002848"]
[EventDate "2014.07.22"]

1. e4 c5 2. Nf3 e6 3. Nc3 a6 4. g3 Nc6 5. d4 cxd4 6. Nxd4 d6 7. Bg2 Bd7 8. O-O
Be7 9. Re1 Nf6 10. Nxc6 Bxc6 11. e5 dxe5 12. Bxc6+ bxc6 13. Qxd8+ Rxd8 14. Rxe5
Nd5 15. Nxd5 cxd5 16. c3 Rb8 17. Re2 Kd7 18. Be3 Rhc8 19. Bd4 g5 20. Rd1 Rb7 21.
Kg2 f6 22. f4 f5 23. Kf3 h5 24. Rde1 Rc6 25. h3 Rb8 26. Rg1 Rg8 27. Reg2 Bd6 28.
Bf6 g4+ 29. hxg4 hxg4+ 30. Ke2 Rg6 31. Bd4 Rh6 32. Kd3 Rh3 33. Kc2 Bc5 34. Bxc5
Rxc5 35. Re1 Rc4 36. b3 Re4 37. Rxe4 dxe4 38. c4 e5 39. fxe5 Ke6 40. b4 Kxe5 41.
c5 f4 42. gxf4+ Kxf4 43. a4 g3 44. c6 Kf3 45. c7 Rh8 46. b5 axb5 47. axb5 Kxg2
48. b6 e3 49. b7 e2 50. c8=Q Rxc8+ 51. bxc8=Q e1=Q 52. Qc6+ Kg1 53. Kb3 Qe3+ 54.
Ka4 g2 55. Qf6 Qe4+ 56. Ka5 Kh2 57. Qh6+ Kg3 58. Qg5+ Kf3 59. Qf6+ Qf4 60. Qc3+
Ke2 61. Qg7 Qd2+ 62. Ka6 Qa2+ 63. Kb5 Qb1+ 0-1

[Event "Dutch Open 2014"]
[Site "Dieren NED"]
[Date "2014.07.31"]
[Round "9.23"]
[White "Bus, Tom"]
[Black "Chalmeta Ugas, Ramon"]
[Result "1/2-1/2"]
[BlackTitle "FM"]
[WhiteElo "2108"]
[BlackElo "2292"]
[WhiteFideId "1014374"]
[BlackFideId "2256339"]
[EventDate "2014.07.22"]

1. c4 Nf6 2. Nc3 d5 3. cxd5 Nxd5 4. g3 c5 5. Bg2 Nc7 6. Nf3 Nc6 7. O-O e5 8. Ne1
Bd6 9. b3 O-O 10. Nd3 Bf5 11. Ne4 Ne6 12. Bb2 f6 13. Rc1 Qe7 14. Ba3 Rac8 15.
Nxd6 Qxd6 16. Bxc5 Nxc5 17. Nxc5 Nd4 18. Nxb7 Qb4 19. Rxc8 Rxc8 20. e3 Rc1 21.
Bd5+ Kf8 22. Qh5 Bg6 23. Qg4 Bf5 24. Qh5 Bg6 25. Qg4 Bf5 26. Qh5 1/2-1/2

[Event "Dutch Open 2014"]
[Site "Dieren NED"]
[Date "2014.07.31"]
[Round "9.24"]
[White "Kollen, Zyon"]
[Black "Heemskerk, Wim"]
[Result "1/2-1/2"]
[BlackTitle "FM"]
[WhiteElo "2196"]
[BlackElo "2247"]
[WhiteFideId "1024256"]
[BlackFideId "1001000"]
[EventDate "2014.07.22"]

1. e4 e6 2. d4 d5 3. Nd2 a6 4. Bd3 c5 5. dxc5 Nf6 6. Qe2 Bxc5 7. e5 Nfd7 8. Nb3
Bb6 9. Nf3 Nc6 10. O-O f6 11. exf6 Nxf6 12. c3 O-O 13. Nbd4 Qd6 14. Re1 e5 15.
Nxc6 1/2-1/2

[Event "Dutch Open 2014"]
[Site "Dieren NED"]
[Date "2014.07.31"]
[Round "9.25"]
[White "Sparenberg, Erik"]
[Black "Gouw, Carol-Peter"]
[Result "1/2-1/2"]
[WhiteElo "2119"]
[BlackElo "2110"]
[WhiteFideId "1013262"]
[BlackFideId "1007629"]
[EventDate "2014.07.22"]

1. e4 d6 2. d4 Nf6 3. Nc3 g6 4. Nf3 Bg7 5. Be2 O-O 6. O-O e6 7. Bg5 h6 8. Bf4
Nc6 9. h3 a6 10. a4 b6 11. Qd2 Kh7 12. Rad1 Bb7 13. Rfe1 Nb4 14. Bc4 1/2-1/2

[Event "Dutch Open 2014"]
[Site "Dieren NED"]
[Date "2014.07.31"]
[Round "9.26"]
[White "Halfhide, Sebastian"]
[Black "Boersma, Jan"]
[Result "1-0"]
[WhiteElo "1979"]
[BlackElo "2101"]
[WhiteFideId "1045946"]
[BlackFideId "1003267"]
[EventDate "2014.07.22"]

1. e4 c5 2. Nf3 g6 3. d4 cxd4 4. Qxd4 Nf6 5. e5 Nc6 6. Qa4 Nd5 7. Qe4 Nc7 8. Nc3
Bg7 9. Bf4 Ne6 10. Bg3 Qb6 11. O-O-O O-O 12. h4 h5 13. Bc4 Qa5 14. Rhg1 Kh8 15.
Bh2 Rb8 16. g4 hxg4 17. Qxg4 Bh6+ 18. Kb1 d5 19. exd6 exd6 20. Qg2 b5 21. Bb3 b4
22. Nd5 Nc5 23. h5 Bf5 24. Bxd6 Nxb3 25. axb3 Rfc8 26. hxg6 Bxc2+ 27. Kxc2 Nd4+
28. Kb1 Nxb3 29. g7+ 1-0

[Event "Dutch Open 2014"]
[Site "Dieren NED"]
[Date "2014.07.31"]
[Round "9.27"]
[White "Op Den Dries, Johan"]
[Black "Wilgenhof, Otto"]
[Result "0-1"]
[WhiteElo "2098"]
[BlackElo "2217"]
[WhiteFideId "1021257"]
[BlackFideId "1002589"]
[EventDate "2014.07.22"]

1. d4 Nf6 2. Nc3 d5 3. Bg5 e6 4. e4 Be7 5. Bxf6 Bxf6 6. e5 Be7 7. Qg4 O-O 8. Nf3
c5 9. dxc5 Nc6 10. Bd3 f5 11. exf6 Bxf6 12. Qh5 g6 13. Bxg6 hxg6 14. Qxg6+ Bg7
15. Ng5 Rf6 16. Qh7+ Kf8 17. Qd3 Rf5 18. h4 Qe7 19. g4 Bxc3+ 20. bxc3 Rf4 21.
Qe3 e5 22. O-O-O d4 23. Qd3 Bxg4 24. Qg6 Qg7 25. Qd6+ Ke8 26. Ne6 Bxe6 27. Qxe6+
Qe7 28. Qg8+ Rf8 29. Qg6+ Qf7 30. Rdg1 Rd8 31. c4 Qxg6 32. Rxg6 Kf7 33. h5 Rh8
34. Rg3 Rdg8 35. Rf3+ Ke6 36. Kd2 Rh6 37. Rh4 Rg5 38. Rfh3 Rf5 39. f3 Kf6 40. c3
dxc3+ 41. Kxc3 Nd4 42. f4 Ne2+ 43. Kb4 Nxf4 44. Ra3 Rhxh5 45. Rxh5 Rxh5 46. Rxa7
Nd3+ 47. Kc3 Nxc5 48. Ra5 b6 49. Rb5 Kf5 50. Kd2 Rh6 51. Ke3 Rd6 52. Rb1 e4 53.
Rb5 Ke5 54. a4 Rd3+ 55. Ke2 Rb3 0-1